000
00268nam a22001217a 4500
008
181205b xxu||||| |||| 00| 0 eng d
041
_a
eng
080
_a
611
100
_a
6
101
_a
ANA
245
_a
Grants Atlas Of Anatomy
_c
Grant.j.c.b
942
_2
udc
_c
BK
999
_c
52834
_d
52834